[Event "EU School-ch U15"]
[Site "Budva"]
[Date "2017.06.13"]
[Round "3"]
[White "Mehraliyev, Sahil"]
[Black "Kamaev, Dzhabrail"]
[Result "1-0"]
[WhiteElo "1769"]
[BlackElo "1863"]
[PlyCount "119"]
[EventDate "2017.06.11"]
[EventType "swiss"]
[EventRounds "9"]
[EventCountry "MNE"]
[SourceTitle "EXT 2024"]
[Source "ChessBase"]
[SourceDate "2023.10.10"]
[SourceVersion "1"]
[SourceVersionDate "2023.10.10"]
[SourceQuality "1"]

1. e4 e5 2. Nf3 Nc6 3. Bb5 a6 4. Ba4 Nf6 5. 0-0 Be7 6. Re1 b5 7. Bb3 d6 8. c3 0-0 9. h3 Na5 10. Bc2 c5 11. d4 Qc7 12. d5 Nb7 13. Nbd2 Nd8 14. Nf1 Ne8 15. g4 g6 16. Ng3 Ng7 17. Bh6 f6 18. Kh2 Nf7 19. Be3 Bd7 20. b4 Rfc8 21. Bb3 c4 22. Bc2 a5 23. a3 axb4 24. axb4 Qb7 25. Qd2 Bd8 26. Reb1 Ra6 27. Qc1 Rca8 28. Qb2 Bb6 29. Kg2 Bxe3 30. fxe3 Qa7 31. Rxa6 Qxa6 32. Kf2 Qa3 33. Ke2 Qxb2 34. Rxb2 Ng5 35. Nxg5 fxg5 36. Nh1 h5 37. Nf2 Ne8 38. Rb1 Kg7 39. Rg1 Kh6 40. Kd2 Nf6 41. Kc1 hxg4 42. hxg4 Kg7 43. Kb2 Rh8 44. Rg2 Rh4 45. Bd1 Kh6 46. Kc2 Bc8 47. Kb2 Bb7 48. Kc2 Nxe4 49. Nxe4 Bxd5 50. Bf3 Rh3 51. Rd2 Bb7 52. Nxg5 Rxf3 53. Nxf3 Bxf3 54. Rxd6 Bxg4 55. Rd5 Kg7 56. Rxe5 Bf5+ 57. Kd2 Kf6 58. Rxb5 g5 59. Ke2 g4 60. Kf2 1-0